Ekonometria 2 zastosowania metod ilosciowych
Guardado en:
| Formato: | Libro |
|---|---|
| Lenguaje: | polaco |
| Publicado: |
Wroclaw
Wydawnictwo Akademii Ekonomicznej im. Oskara Langego we Wroclawiu
1999
|
| Colección: | Prace naukowe
nr. 811 |
| Materias: | |
| Etiquetas: |
Sin Etiquetas, Sea el primero en etiquetar este registro!
|
MARC
| LEADER | 00000nam a2200000 4500 | ||
|---|---|---|---|
| 001 | c123184 | ||
| 005 | 20240223075730.5 | ||
| 022 | |a 0324-8445, 1507-3866 | ||
| 041 | 0 | |a pol | |
| 044 | |a PL | ||
| 245 | 1 | 0 | |a Ekonometria 2 |b zastosowania metod ilosciowych |c Redaktor naukowy: Józef Dziechciarz |
| 264 | 1 | |a Wroclaw |b Wydawnictwo Akademii Ekonomicznej im. Oskara Langego we Wroclawiu |c 1999 | |
| 300 | |a 273 s. | ||
| 490 | 1 | |a Prace naukowe |v nr. 811 | |
| 830 | 0 | |a Prace naukowe |v nr. 811 | |
| 610 | 2 | 0 | |a ekonometria |
| 610 | 2 | 0 | |a podnik |
| 610 | 2 | 0 | |a štruktúra organizačná |
| 610 | 2 | 0 | |a riziko bankové |
| 610 | 2 | 0 | |a úver |
| 610 | 2 | 0 | |a analýza finančná |
| 610 | 2 | 0 | |a marketing |
| 610 | 2 | 0 | |a programovanie lineárne |
| 610 | 2 | 0 | |a portfólio |
| 610 | 2 | 0 | |a nezamestnanosť |
| 610 | 2 | 0 | |a analýza štatistická |
| 610 | 2 | 0 | |a metódy prognostické |
| 610 | 2 | 0 | |a korelácia |
| 610 | 2 | 0 | |a programovanie |
| 610 | 2 | 0 | |a funkcia Cobb-Douglasova |
| 610 | 2 | 0 | |a využitie počítačov |
| 610 | 2 | 0 | |a ceny |
| 610 | 2 | 0 | |a práca s verejnosťou |